| 000 | 00653cab a2200229 4500 | ||
|---|---|---|---|
| 001 | WB2909-36 | ||
| 008 | 090401t1993 xxu||||| |||| 00| 0 eng d | ||
| 035 | _a(Sirsi) u63130 | ||
| 041 | _aeng | ||
| 245 | _aAggregate sales 3% down | ||
| 260 | _c1993 | ||
| 350 | _a0 | ||
| 490 |
_aCS Monthly : Minerals bulletin _v2(6) March 1993, 3(1) |
||
| 520 | _aAccording to BACMI figures, sales of construction aggregates fell by 3% in 1992. | ||
| 650 | _aAGGREGATES | ||
| 650 | _aBUILT ENVIRONMENT-BUILDING MATERIALS | ||
| 650 | _aCONSTRUCTION MINERALS | ||
| 650 | _aSTATISTICS | ||
| 690 | _aMINING AND MINERALS | ||
| 942 | _n0 | ||
| 948 | _c04/03/1997 | ||
| 999 |
_c39248 _d39248 |
||